| 000 | 00468nam a22001937a 4500 | ||
|---|---|---|---|
| 003 | MPLRDC | ||
| 005 | 20220104174529.0 | ||
| 008 | 210129b ||||| |||| 00| 0 eng d | ||
| 020 | _a0-7323-2438-b | ||
| 082 | _a859.3 RFK v.61 | ||
| 100 | _aROGER HARGREAVES | ||
| 245 |
_aMR. GRUMBLE _c |
||
| 250 | _a三版 | ||
| 260 |
_a _bREAD FOR KIDS _c1998 |
||
| 300 | _b平 | ||
| 490 | _aREAD FOR KIDS NO,61 | ||
| 650 | _aCHILDREN LITERATURE | ||
| 942 |
_cBK _o859.3 RFK v.61 |
||
| 999 |
_c59913 _d59903 |
||